000 01245nam a2200301 i 4500
003 DO-SdBNP
005 20241008102913.0
006 a||||gr|||| 00| 0
007 ta
008 240605e2016 dr ac||| |||| 00| 0 rda d
040 _aDO-SdBNP
_bspa
_cBNPHU
_erda
082 4 _222
_bD568g
245 0 0 _a10 grandes clásicos de las artes visuales:
_ben homenaje a la maestra Celeste Woss Gil.
246 0 1 _aDiez grandes clásicos de las artes visuales:
264 1 _aSanto Domingo :
_bCentro Cultural BanReservas,
_c2016
300 _a23 páginas :
_bilustraciones, retratos ;
_c28 cm.
336 _2rdacontent
_atexto
_btxt
337 _2rdamedia
_asin mediación
_bn
338 _2rdacarrier
_avolumen
_bnc
500 _aIncluye datos biográficos.
505 _aJosep Gausachs.-- José Vela Zanetti.-- Gilberto Hernández Ortega.-- Antonio Prats- Ventós.-- Eligio Pichardo.-- Dionisio Pichardo.-- Silvano Lora.-- Timoteo de los Santos (Vinagre).-- Carmen Bernadó.
590 _aInventariado 2024 / MF
600 1 4 _aWoss y Gil, Celeste
_d 1890-1985
_980081
650 0 _aArtes
_xRepública Dominicana
_931065
650 4 _aArtistas dominicanos
_vExposiciones
_984601
650 4 _aArtistas dominicanos
_vBiografías
_983437
942 _2ddc
_cLF2
999 _c56783
_d56783